| 000 | 00000nam##2200000za#4500 |
| 001 | 9.602711 |
| 003 | CaOODSP |
| 005 | 20210624210717 |
| 007 | cr ||||||||||| |
| 008 | 150406|1996||||xxc|||||o f|0| 0 fre|d |
| 040 | |aCaOODSP|bfre |
| 043 | |an-cn--- |
| 086 | 1 |aF21-4/96-3F-PDF |
| 110 | 1 |aCanada. |bMinistère des finances. |
| 245 | 10|aPolitique fiscale et création d'emplois : |h[ressource électronique]|bprogrammes de stimulation de l'emploi / |c[par] Ben Cherniavsky ; rédigé pour le Comité technique de la fiscalité des entreprises. |
| 260 | |aOttawa - Ontario : |bFinances Canada |c[1996]. |
| 300 | |a42p.|btableau |
| 490 | 1 |aDocument de travail|v96-3 |
| 500 | |a«Le présent document propose un survol de certains articles sélectionnés dans la littérature publiée ces vingt dernières années au sujet des mesures fiscales de stimulation de l'emploi et d'encouragement à l'embauche de groupes précis. S'il traite plus particulièrement de l'expérience canadienne, il présente certains programmes mis en oeuvre aux États-Unis. A partir des documents analysés, il propose des conclusions générales quant à l'efficacité des crédits d'impôt marginaux à l'emploi et des mesures ciblées d'encouragement à l'embauche.»--Résumé. |
| 504 | |aBibliographie. |
| 520 | 3 |aLe présent document propose un survol de certains articles sélectionnés dans la littérature publiée ces vingt dernières années au sujet des mesures fiscales de stimulation de l'emploi et d'encouragement à l'embauche de groupes précis. S'il traite plus particulièrement de l'expérience canadienne, il présente certains programmes mis en oeuvre aux États-Unis. A partir des documents analysés, il propose des conclusions générales quant à l'efficacité des crédits d'impôt marginaux à l'emploi et des mesures ciblées d'encouragement à l'embauche.--Résumé |
| 590 | |a11-30-Supp|b2011-12-02 |
| 691 | 07|aCréation d'emploi|2gcpds |
| 691 | 07|aProgramme fédéral|2gcpds |
| 691 | 07|aCrédit d'impôt|2gcpds |
| 720 | 1 |aCherniavsky, Ben |
| 775 | 08|tTax policy and job creation : |w(CaOODSP)9.572334 |
| 776 | 0#|tPolitique fiscale et création d'emplois : |w(CaOODSP)9.624351 |
| 830 | #0|aDocument de travail ;|v96-3|w(CaOODSP)9.503121 |
| 856 | 40|ahttp://publications.gc.ca|qPDF|s121 Ko|uhttps://publications.gc.ca/collections/Collection/F21-4-96-3F.pdf|y96-3 |